LEADER 01265nam2-2200385---450- 001 990005940400203316 005 20140327145417.0 010 $a978-1-4073-1207-1 035 $a000594040 035 $aUSA01000594040 035 $a(ALEPH)000594040USA01 035 $a000594040 100 $a20140327d2013----km-y0itay50------ba 101 $aeng 102 $aGB 105 $a||||||||001yy 200 1 $aWhodunnit?$egrave robbery in Anglo-Saxon England and the Merovingian Kingdoms$fA.M. Klevnäs 210 $aOxford$cArchaeopress$d2013 215 $aXIII, 294 p.$d30 cm 225 2 $aBAR International series$v2582 410 0$1001000018484$aBAR International series$v, 2582 606 0 $aOggetti funerari$xFurto$yInghilterra [e] Germania$zSec. 6.-7.$xFonti archeologiche$2BNCF 676 $a943.01 700 1$aKLEVNÄS,$bA.M.$0618733 801 0$aIT$bsalbc$gISBD 912 $a990005940400203316 951 $aXI.5. Coll. 12/ 1236$b243939 L.M.$cXI.5. Coll.$d00353648 959 $aBK 969 $aUMA 979 $aCHIARA$b90$c20140327$lUSA01$h1450 979 $aCHIARA$b90$c20140327$lUSA01$h1453 979 $aCHIARA$b90$c20140327$lUSA01$h1453 979 $aCHIARA$b90$c20140327$lUSA01$h1454 996 $aWhodunnit$91072477 997 $aUNISA LEADER 01284nam 2200373 450 001 9910704597903321 005 20130408080348.0 035 $a(CKB)5470000002441721 035 $a(OCoLC)836747914 035 $a(EXLCZ)995470000002441721 100 $a20130408d2013 ua 0 101 0 $aeng 135 $aurmn||||||||| 181 $2rdacontent 182 $2rdamedia 183 $2rdacarrier 200 10$aFlood insurance $eparticipation of Indian tribes in federal and private programs : report to congressional committees 210 1$a[Washington, D.C.] :$cUnited States Government Accountability Office,$d2013. 215 $a1 online resource (ii, 36 pages) $ccolor illustrations, color map 300 $aTitle from title screen (viewed Apr. 4, 2013). 300 $a"January 2013." 300 $a"GAO-13-226." 320 $aIncludes bibliographical references. 517 $aFlood insurance 606 $aFederally recognized Indian tribes 606 $aFlood insurance$zUnited States$xCitizen participation 615 0$aFederally recognized Indian tribes. 615 0$aFlood insurance$xCitizen participation. 801 0$bGPO 801 1$bGPO 906 $aBOOK 912 $a9910704597903321 996 $aFlood insurance$93429017 997 $aUNINA